| 000 | 00358nam a2200145Ia 4500 | ||
|---|---|---|---|
| 003 | OSt | ||
| 008 | 191201s2017 xx 000 0 und d | ||
| 082 |
_a658.3 _bBHH |
||
| 100 | _aBHATTACHARYYA, Dipak | ||
| 245 | 0 | _aHR Analytics Understanding Theories and Applications | |
| 260 |
_bSage Publication _c2017 |
||
| 300 | _a215 | ||
| 650 | _aMBA | ||
| 942 |
_2ddc _cBK |
||
| 999 |
_c7030 _d7030 |
||